[Event "Bad Woerishofen op"]
[Site "?"]
[Date "2008.03.06"]
[Round "8"]
[White "Heppell, Ian"]
[Black "Vogel, Robert"]
[Result "1-0"]
[WhiteElo "2155"]
[BlackElo "2294"]
[PlyCount "27"]
[EventDate "2008.??.??"]
 
1. e4 Nc6 2. Nf3 d6 3. d4 Nf6 4. Nc3 g6 5. d5 Nb8 6. Be3 Bg7 7. Qd2 c6 8. Be2
Bg4 9. h3 Bxf3 10. Bxf3 cxd5 11. Nxd5 Nxd5 12. Qxd5 Bxb2 13. Qb5+ Nc6 14. Qxb2
1-0

[Event "Bad Woerishofen op"]
[Site "?"]
[Date "2008.03.06"]
[Round "8"]
[White "Galje, Hans"]
[Black "Tennstedt, Andreas"]
[Result "1/2-1/2"]
[WhiteElo "2118"]
[BlackElo "2208"]
[PlyCount "85"]
[EventDate "2008.??.??"]
 
1. d4 d5 2. c4 e6 3. Nc3 c6 4. cxd5 exd5 5. Qc2 Be7 6. Nf3 Nf6 7. Bg5 Nbd7 8.
e3 Nh5 9. Bxe7 Qxe7 10. Be2 g6 11. Rc1 O-O 12. O-O Re8 13. a3 f5 14. Rfe1 Nhf6
15. b4 b5 16. Nb1 Bb7 17. Nbd2 a5 18. a4 axb4 19. axb5 Rec8 20. Qb2 cxb5 21.
Bxb5 Rab8 22. Nb3 Ne4 23. Na5 Nc3 24. Bf1 Qd6 25. Ra1 Ba6 26. Nb3 Bxf1 27. Kxf1
Ra8 28. g3 Ra3 29. Kg2 Rca8 30. Rxa3 Rxa3 31. Ra1 Qa6 32. Rxa3 Qxa3 33. Qxa3
bxa3 34. Ne1 Nb6 35. Nc2 Nc4 36. Kf1 Kf7 37. Ke1 a2 38. Nba1 Ke6 39. Nb3 Kd6
40. Kf1 Kc6 41. Ke1 Kd6 42. h4 Ke6 43. Nc5+ 1/2-1/2

[Event "Bad Woerishofen op"]
[Site "?"]
[Date "2008.03.06"]
[Round "8"]
[White "Unger, Michael"]
[Black "Stoffel, Matthias"]
[Result "1/2-1/2"]
[WhiteElo "2196"]
[BlackElo "2071"]
[PlyCount "90"]
[EventDate "2008.??.??"]
 
1. d4 Nf6 2. Nf3 e6 3. e3 b6 4. Bd3 Bb7 5. O-O c5 6. b3 Be7 7. Bb2 O-O 8. Nbd2
d6 9. Re1 Nbd7 10. Rc1 a6 11. c4 Qb8 12. Qe2 Rd8 13. e4 cxd4 14. Nxd4 Bf8 15.
Bb1 Ne5 16. Nf1 Qc7 17. Qe3 Qc5 18. Qg3 Rac8 19. Nf3 Nh5 20. Qh4 Ng6 21. Qg5
Nhf4 22. Bd4 Qc6 23. Qg3 b5 24. Nh4 bxc4 25. Nxg6 Nxg6 26. bxc4 Qa4 27. Qb3 Qc6
28. Qc3 Nf4 29. Ng3 Qa4 30. Be3 Ng6 31. Qb3 Qc6 32. Bd3 Ne5 33. Be2 Rb8 34. Ba7
Ra8 35. Bd4 Rab8 36. Qc3 Ng6 37. Ba7 Ra8 38. Be3 Rab8 39. f4 d5 40. exd5 exd5
41. cxd5 Qxc3 42. Rxc3 Bb4 43. Rec1 Bxc3 44. Rxc3 Ne7 45. Rb3 Bxd5 1/2-1/2

[Event "Bad Woerishofen op"]
[Site "?"]
[Date "2008.03.06"]
[Round "8"]
[White "Schmidt, Wolfgang"]
[Black "Boehle, Lars"]
[Result "1/2-1/2"]
[WhiteElo "2051"]
[BlackElo "2276"]
[PlyCount "29"]
[EventDate "2008.??.??"]
 
1. e4 e6 2. d4 d5 3. Nd2 c5 4. Ngf3 Nc6 5. exd5 exd5 6. Bb5 Bd6 7. dxc5 Bxc5 8.
Nb3 Bd6 9. O-O Nge7 10. Re1 O-O 11. Bg5 Qc7 12. c3 Bg4 13. h3 Bh5 14. Be2 a6
15. Nfd4 1/2-1/2

[Event "Bad Woerishofen op"]
[Site "?"]
[Date "2008.03.06"]
[Round "8"]
[White "Sydow, Hardy"]
[Black "Klein, Gereon"]
[Result "1-0"]
[WhiteElo "2145"]
[BlackElo "1991"]
[PlyCount "57"]
[EventDate "2008.??.??"]
 
1. e4 c5 2. d4 cxd4 3. c3 Nf6 4. e5 Nd5 5. cxd4 e6 6. Nc3 Nc6 7. Nf3 d6 8. exd6
Bxd6 9. Bd3 Nf4 10. Bxf4 Bxf4 11. O-O O-O 12. Re1 g6 13. Be4 Ne7 14. Qb3 Rb8
15. Rad1 Bd6 16. Ne5 Qa5 17. Nc4 Qc7 18. Nb5 Bxh2+ 19. Kh1 Qf4 20. Qh3 Qg5 21.
Qxh2 Qxb5 22. Qxb8 Qxc4 23. Qd6 Nd5 24. b3 Qb5 25. Rc1 Qa5 26. a4 Rd8 27. Qg3
b5 28. Bxd5 exd5 29. Qc7 1-0

[Event "Bad Woerishofen op"]
[Site "?"]
[Date "2008.03.06"]
[Round "8"]
[White "Dornreiter, Michael"]
[Black "Santl, Anton"]
[Result "0-1"]
[WhiteElo "1857"]
[BlackElo "2123"]
[PlyCount "60"]
[EventDate "2008.??.??"]
 
1. e4 c5 2. Nc3 Nc6 3. b3 g6 4. Bb2 Bg7 5. Nf3 e6 6. Bb5 Nge7 7. O-O O-O 8. Qc1
Nd4 9. Nxd4 cxd4 10. Ne2 a6 11. Bd3 Nc6 12. c3 d5 13. exd5 Qxd5 14. Qc2 Bd7 15.
Ba3 Rfd8 16. Be4 Qa5 17. Bd6 Rac8 18. b4 Qb5 19. Rae1 Qg5 20. f4 Qf6 21. Bxc6
d3 22. Qxd3 Bxc6 23. c4 Qb2 24. Rb1 Qxa2 25. c5 Rd7 26. Rb3 Bb5 27. Nc1 Bxd3
28. Nxa2 Bd4+ 29. Kh1 Bxf1 30. g4 Bc4 0-1

[Event "Bad Woerishofen op"]
[Site "?"]
[Date "2008.03.06"]
[Round "8"]
[White "Pienabarca, Nicola"]
[Black "Bergmann, Reinhold"]
[Result "1-0"]
[WhiteElo "2086"]
[BlackElo "1964"]
[PlyCount "73"]
[EventDate "2008.??.??"]
 
1. d4 Nf6 2. Nf3 e6 3. g3 d5 4. c4 g6 5. Bg2 Bg7 6. O-O O-O 7. Nc3 c6 8. Bf4
Re8 9. Rc1 Nbd7 10. Re1 Nb6 11. Ne5 Nh5 12. c5 Nxf4 13. gxf4 Nd7 14. e4 Nf6 15.
b4 Nh5 16. f5 Nf4 17. fxe6 fxe6 18. Bf1 Bxe5 19. dxe5 Qg5+ 20. Kh1 Qxe5 21.
exd5 Qf5 22. d6 Bd7 23. Qc2 e5 24. Qxf5 gxf5 25. Bc4+ Kg7 26. Rg1+ Kf6 27. Rg3
Rab8 28. Rcg1 Be6 29. Bxe6 Nxe6 30. Rh3 e4 31. Rxh7 b6 32. b5 Nxc5 33. bxc6 Rg8
34. d7 Nd3 35. Rf1 Rg6 36. c7 Rbg8 37. d8=Q+ 1-0

[Event "Bad Woerishofen op"]
[Site "?"]
[Date "2008.03.06"]
[Round "8"]
[White "von Saldern, Ruediger"]
[Black "Klett, Thomas"]
[Result "1-0"]
[WhiteElo "2056"]
[BlackElo "1952"]
[PlyCount "41"]
[EventDate "2008.??.??"]
 
1. d4 e6 2. Nf3 c5 3. c3 cxd4 4. cxd4 Nf6 5. Nc3 Bb4 6. Qb3 Nc6 7. e3 Qa5 8.
Bd3 Bxc3+ 9. bxc3 O-O 10. O-O d5 11. Ba3 Rd8 12. Rfc1 Qc7 13. c4 dxc4 14. Rxc4
Qd7 15. Rc2 a6 16. Rac1 e5 17. Nxe5 Nxe5 18. dxe5 Ng4 19. Bd6 Qe6 20. Be4 Nxe5
21. Qxe6 1-0

[Event "Bad Woerishofen op"]
[Site "?"]
[Date "2008.03.06"]
[Round "8"]
[White "Bischoff, Dieter"]
[Black "Vrana, Frantisek"]
[Result "1/2-1/2"]
[WhiteElo "2155"]
[BlackElo "2313"]
[PlyCount "62"]
[EventDate "2008.??.??"]
 
1. d4 Nf6 2. c4 g6 3. Nc3 Bg7 4. e4 d6 5. Nf3 O-O 6. h3 e5 7. d5 Na6 8. Bg5 Qe8
9. g4 Nc5 10. Nd2 Bd7 11. Qf3 Qe7 12. Be2 h6 13. Be3 Nh7 14. Qg2 Kh8 15. O-O-O
c6 16. h4 Rac8 17. Kb1 Be8 18. Nf1 cxd5 19. cxd5 a6 20. Ng3 b5 21. Rc1 Bd7 22.
h5 g5 23. f3 Rc7 24. Nd1 Rfc8 25. Nf2 Qd8 26. Rhd1 Bf6 27. Nd3 Nxd3 28. Bxd3
Rxc1+ 29. Rxc1 Rxc1+ 30. Bxc1 Qb6 31. Qe2 Bd8 1/2-1/2

[Event "Bad Woerishofen op"]
[Site "?"]
[Date "2008.03.06"]
[Round "8"]
[White "Lindenmair, Anton"]
[Black "Thieme, Wolfgang"]
[Result "1-0"]
[WhiteElo "2109"]
[BlackElo "1938"]
[PlyCount "102"]
[EventDate "2008.??.??"]
 
1. d4 Nf6 2. c4 g6 3. Nc3 d5 4. Nf3 Bg7 5. Bg5 Ne4 6. cxd5 Nxc3 7. bxc3 Qxd5 8.
e3 c5 9. Qb3 Be6 10. c4 Qd7 11. Be2 cxd4 12. exd4 Nc6 13. Rd1 Qc7 14. O-O O-O
15. d5 Na5 16. Qb4 f6 17. Bd2 Nxc4 18. Qxc4 Qxc4 19. Bxc4 Bf7 20. Bb4 Rfc8 21.
Bb3 Bf8 22. Rfe1 Rc7 23. d6 Bxb3 24. axb3 exd6 25. Bxd6 Bxd6 26. Rxd6 Kf7 27.
Kf1 Re7 28. Rxe7+ Kxe7 29. Rd3 a5 30. Ke2 a4 31. bxa4 Rxa4 32. Rb3 Ra7 33. Rb6
Ra2+ 34. Nd2 Ra7 35. Ne4 Ra2+ 36. Kf3 f5 37. Rxb7+ Ke6 38. Ng5+ Ke5 39. Rxh7
Kf6 40. h4 Ra3+ 41. Ke2 Ra2+ 42. Ke3 Ra3+ 43. Kd4 Ra4+ 44. Kc5 Ra5+ 45. Kb4 Ra2
46. Rf7+ Ke5 47. Nh3 Rd2 48. g3 Rd1 49. Nf4 Rb1+ 50. Kc3 Rb6 51. Re7+ Kf6 1-0

[Event "Bad Woerishofen sen"]
[Site "?"]
[Date "2008.03.06"]
[Round "8"]
[White "Weinwurm, Wolfgang Dr"]
[Black "Ljubarskij, Juri"]
[Result "1-0"]
[WhiteElo "2177"]
[BlackElo "2317"]
[PlyCount "67"]
[EventDate "2008.??.??"]
 
1. e4 e5 2. d4 exd4 3. Qxd4 Nc6 4. Qe3 Nf6 5. Nc3 Nb4 6. Bd3 d5 7. Nxd5 Nfxd5
8. exd5+ Be7 9. c4 c6 10. a3 Nxd3+ 11. Qxd3 Be6 12. Qb3 cxd5 13. Qxb7 dxc4 14.
Qc6+ Kf8 15. Nf3 Bd5 16. Qa4 Bf6 17. O-O Qc7 18. Re1 h6 19. Be3 Kg8 20. Rad1
Be6 21. Bd4 Bf5 22. Bxf6 gxf6 23. Rd4 Rc8 24. Qb4 Be6 25. Qc3 Kg7 26. Rde4 Rhd8
27. Nd4 Bd7 28. Qf3 Qc5 29. R1e3 Qg5 30. h4 Qc5 31. Qf4 Qb6 32. Rg3+ Kh7 33.
Re7 f5 34. Rxf7+ 1-0

[Event "Bad Woerishofen sen"]
[Site "?"]
[Date "2008.03.06"]
[Round "8"]
[White "Mittermaier, Walter"]
[Black "Goy, Udo"]
[Result "0-1"]
[WhiteElo "2164"]
[BlackElo "2282"]
[PlyCount "76"]
[EventDate "2008.??.??"]
 
1. d4 g6 2. Nf3 Bg7 3. c4 Nf6 4. g3 d5 5. cxd5 Nxd5 6. Bg2 O-O 7. O-O Nc6 8.
Re1 Nb6 9. e3 e5 10. dxe5 Nxe5 11. Nxe5 Bxe5 12. Qc2 c6 13. Nc3 Bg7 14. e4 Be6
15. Bf4 Nc4 16. Rad1 Qa5 17. Bc1 h6 18. Na4 Qb4 19. b3 b5 20. bxc4 bxa4 21. Bf1
a3 22. Re3 Rfd8 23. Bxa3 Qa5 24. Red3 Rxd3 25. Rxd3 Rb8 26. Bc1 Kh7 27. Kg2 Qh5
28. Kg1 c5 29. Rb3 Rd8 30. Be2 Qe5 31. Kg2 f5 32. Re3 Qd6 33. Rd3 Bd4 34. Rb3
Rd7 35. Qd2 Qf8 36. Qf4 Rf7 37. Rb8 Qg7 38. f3 Be5 0-1

[Event "Bad Woerishofen sen"]
[Site "?"]
[Date "2008.03.06"]
[Round "8"]
[White "Neese, Hans-Joachim"]
[Black "Weigel, Herbert"]
[Result "1-0"]
[WhiteElo "2306"]
[BlackElo "2135"]
[PlyCount "55"]
[EventDate "2008.??.??"]
 
1. d4 g6 2. c4 Bg7 3. Nc3 c5 4. d5 Bxc3+ 5. bxc3 f5 6. Qc2 Nf6 7. f3 e5 8. Bh6
Kf7 9. Nh3 Re8 10. g3 d6 11. Bg2 Kg8 12. O-O Nbd7 13. e4 Nf8 14. Ng5 Bd7 15.
Rab1 Qc8 16. Rb2 Rb8 17. Qd3 b6 18. Re1 fxe4 19. Nxe4 Nxe4 20. fxe4 Bh3 21. Rf2
Bxg2 22. Kxg2 a6 23. Ref1 Nd7 24. Rf7 b5 25. Qf3 bxc4 26. Rg7+ Kh8 27. Qf7 Nf8
28. Rxh7+ 1-0

[Event "Bad Woerishofen sen"]
[Site "?"]
[Date "2008.03.06"]
[Round "8"]
[White "Dombrowe, Eckehard"]
[Black "Klempt, Guenter"]
[Result "0-1"]
[WhiteElo "1838"]
[BlackElo "2060"]
[PlyCount "86"]
[EventDate "2008.??.??"]
 
1. d4 Nf6 2. c4 g6 3. Nc3 Bg7 4. e4 d6 5. Nf3 O-O 6. Be2 c5 7. Be3 Ng4 8. Bf4
cxd4 9. Nxd4 Nxf2 10. Kxf2 e5 11. Be3 exd4 12. Bxd4 Nc6 13. Bxg7 Kxg7 14. Kf1
Be6 15. Qd2 f5 16. Ke1 fxe4 17. Nxe4 Qh4+ 18. Ng3 Rae8 19. Rc1 Bg4 20. Kd1
Bxe2+ 21. Nxe2 Rf2 22. Qc3+ Kg8 23. Rc2 Rxg2 24. Qf3 Rf2 25. Qd5+ Kg7 26. Rd2
Kh6 27. Ng3 Qg4+ 28. Kc1 Qf4 29. Rhd1 Rxh2 30. Qxd6 Qxc4+ 31. Kb1 Rxd2 32. Nf5+
Kg5 33. Qxd2+ Kxf5 34. Rc1 Qe4+ 35. Ka1 Nd4 36. Rf1+ Nf3 37. Qd7+ Re6 38. a3 h5
39. Qf7+ Rf6 40. Qd7+ Kg5 41. Qd8 Qe2 42. Qd5+ Rf5 43. Qd8+ Kg4 0-1

[Event "Bad Woerishofen sen"]
[Site "?"]
[Date "2008.03.06"]
[Round "8"]
[White "Trefzer, Erhard"]
[Black "Villing, Dieter"]
[Result "1-0"]
[WhiteElo "2088"]
[BlackElo "2209"]
[PlyCount "95"]
[EventDate "2008.??.??"]
 
1. d4 d6 2. e4 Nf6 3. Nc3 c6 4. Bd3 e5 5. d5 Be7 6. h3 Nbd7 7. Nge2 O-O 8. O-O
cxd5 9. Nxd5 Nxd5 10. exd5 f5 11. Bc4 Nb6 12. Bb3 f4 13. f3 Bh4 14. Kh1 Rf6 15.
Bd2 Rh6 16. Ng1 Bf5 17. g4 fxg3 18. Bxh6 g2+ 19. Kxg2 gxh6 20. Ne2 Qg5+ 21. Kh2
Qe3 22. Rg1+ Kh8 23. Qf1 Rf8 24. Qg2 Bg6 25. Raf1 Bg5 26. Nc3 Qf4+ 27. Kh1 Bh5
28. Ne4 Bxf3 29. Rxf3 Qxf3 30. Nxd6 Be3 31. Qxf3 Rxf3 32. Re1 Bf4 33. Nxb7
Rxh3+ 34. Kg2 Rg3+ 35. Kh1 Nd7 36. d6 Rg7 37. Nd8 Rg6 38. Be6 Nf6 39. d7 Kg7
40. Bf5 Nxd7 41. Bxg6 hxg6 42. Ne6+ Kf6 43. Nxf4 exf4 44. c4 g5 45. Rd1 Ne5 46.
Rd6+ Kf5 47. c5 Nc4 48. Rxh6 1-0

[Event "Bad Woerishofen sen"]
[Site "?"]
[Date "2008.03.06"]
[Round "8"]
[White "Groenegres, Wilfried"]
[Black "Budt, Karl-Heinz"]
[Result "1/2-1/2"]
[WhiteElo "2201"]
[BlackElo "2143"]
[PlyCount "24"]
[EventDate "2008.??.??"]
 
1. e4 e6 2. d4 d5 3. Nc3 Nf6 4. Bg5 Be7 5. e5 Ne4 6. Nxe4 Bxg5 7. Nxg5 Qxg5 8.
Nf3 Qe7 9. c3 Nc6 10. Bd3 Bd7 11. Qe2 O-O-O 12. O-O-O f5 1/2-1/2

[Event "Bad Woerishofen sen"]
[Site "?"]
[Date "2008.03.06"]
[Round "8"]
[White "Schulte-Braeucker, H."]
[Black "Mantzouneas, Nikolaos"]
[Result "1-0"]
[WhiteElo "2086"]
[BlackElo "2013"]
[PlyCount "103"]
[EventDate "2008.??.??"]
 
1. d4 Nf6 2. c4 e6 3. Nc3 Bb4 4. a3 Bxc3+ 5. bxc3 d6 6. Bg5 h6 7. Bh4 c5 8. e3
Qa5 9. Qb3 cxd4 10. exd4 Nbd7 11. Qb4 Qc7 12. Bd3 O-O 13. Ne2 e5 14. O-O Re8
15. Rfe1 g5 16. Bg3 Nh5 17. f3 Nb6 18. Bf2 Nd7 19. h4 Ndf6 20. g4 Nf4 21. Nxf4
gxf4 22. Qb1 Be6 23. d5 Bd7 24. h5 Kg7 25. Bh4 Rh8 26. Kh1 Nh7 27. Ra2 f6 28.
Bxh7 Be8 29. Bg6 Bd7 30. Bf5 Bxf5 31. Qxf5 Qf7 32. Rc2 Rac8 33. Qe6 Rhd8 34.
Qxf7+ Kxf7 35. Re4 Rc5 36. Rb2 b6 37. Rb5 Rdc8 38. Rb4 Ra5 39. a4 Rc7 40. Bf2
Rd7 41. Kg2 Re7 42. Re1 Re8 43. Re2 Rg8 44. Kh3 Rc8 45. Ra2 f5 46. gxf5 Kf6 47.
Bh4+ Kxf5 48. Rg2 Rac5 49. Rg6 e4 50. Rf6+ Ke5 51. Re6+ Kf5 52. fxe4# 1-0

[Event "Bad Woerishofen sen"]
[Site "?"]
[Date "2008.03.06"]
[Round "8"]
[White "Ganslmayer, Herbert"]
[Black "Reimann, Guenther"]
[Result "1/2-1/2"]
[WhiteElo "2003"]
[BlackElo "2001"]
[PlyCount "62"]
[EventDate "2008.??.??"]
 
1. g3 e6 2. Bg2 d5 3. d3 c5 4. Nd2 Nf6 5. Ngf3 Nc6 6. c3 Be7 7. O-O O-O 8. Qc2
Bd7 9. e4 d4 10. Re1 e5 11. h3 Qc8 12. Kh2 b5 13. Nh4 Nh5 14. Nf1 Bxh4 15. gxh4
Qd8 16. Bg5 f6 17. Bc1 Rb8 18. Qe2 Qe8 19. Bf3 Nf4 20. Bxf4 exf4 21. Bg4 Ne5
22. Nd2 Bxg4 23. hxg4 f3 24. Nxf3 Nxg4+ 25. Kg3 h5 26. cxd4 cxd4 27. Rg1 Qe7
28. Rae1 Qd6+ 29. Kg2 Rbe8 30. Kf1 Rd8 31. Rg3 Qf4 1/2-1/2

[Event "Bad Woerishofen sen"]
[Site "?"]
[Date "2008.03.06"]
[Round "8"]
[White "Jagdhuber, Hans"]
[Black "Dahlhaus, Friedhelm"]
[Result "1/2-1/2"]
[WhiteElo "1997"]
[BlackElo "2123"]
[PlyCount "46"]
[EventDate "2008.??.??"]
 
1. c4 e5 2. Nc3 Nf6 3. Nf3 Nc6 4. g3 Bb4 5. Bg2 O-O 6. O-O e4 7. Ng5 Bxc3 8.
bxc3 Re8 9. f3 exf3 10. Nxf3 Qe7 11. e3 d6 12. d3 d5 13. cxd5 Nxd5 14. Qb3 Be6
15. c4 Nb6 16. Ba3 Qd7 17. Ng5 Rad8 18. Nxe6 Qxe6 19. Rac1 Ne5 20. Rcd1 Ng4 21.
Bc1 c6 22. Rf4 Ne5 23. Qc2 Re7 1/2-1/2

[Event "Bad Woerishofen sen"]
[Site "?"]
[Date "2008.03.06"]
[Round "8"]
[White "Reichwald, Klaus"]
[Black "Kolkwitz, Klaus"]
[Result "0-1"]
[WhiteElo "1970"]
[BlackElo "1914"]
[PlyCount "82"]
[EventDate "2008.??.??"]
 
1. e4 d6 2. d4 Nf6 3. Nc3 g6 4. f4 Bg7 5. Nf3 O-O 6. Bc4 c6 7. O-O b5 8. Bd3 a6
9. e5 Nd5 10. Nxd5 cxd5 11. c3 Bg4 12. h3 Bxf3 13. Qxf3 dxe5 14. fxe5 e6 15.
Be3 Nd7 16. Qg4 Qb6 17. Kh1 Nxe5 18. Qe2 Nxd3 19. Qxd3 Rac8 20. Qd2 Qd8 21. Rf3
f6 22. Raf1 Rc7 23. Bh6 Rcf7 24. Bxg7 Kxg7 25. Re3 Re8 26. Qe2 Qd6 27. Re1 Rfe7
28. Rf1 e5 29. Qf2 e4 30. g4 Rf7 31. Qg2 Ref8 32. Rg1 f5 33. gxf5 Rxf5 34. h4
Rf2 35. Qg3 Qxg3 36. Rexg3 R8f4 37. Rh3 Rxb2 38. h5 Rxa2 39. hxg6 hxg6 40. Rh5
e3 41. Rh3 e2 0-1

[Event "Bad Woerishofen op"]
[Site "?"]
[Date "2008.03.07"]
[Round "9"]
[White "Skembris, Spyridon"]
[Black "Rozentalis, Eduardas"]
[Result "0-1"]
[WhiteElo "2469"]
[BlackElo "2567"]
[PlyCount "96"]
[EventDate "2008.??.??"]
 
1. d4 d5 2. c4 dxc4 3. e3 e5 4. Bxc4 Nc6 5. Nf3 e4 6. Nfd2 Qg5 7. g3 Nf6 8. Nc3
Bb4 9. Qc2 Bf5 10. d5 Bxc3 11. Qxc3 Ne7 12. Qe5 Nd7 13. Qxc7 O-O 14. Qd6 Rfd8
15. f4 Qf6 16. Qxf6 Nxf6 17. h3 Nexd5 18. Ke2 h5 19. Bxd5 Rxd5 20. Nb3 Rc8 21.
Bd2 Rc2 22. Kd1 Rxb2 23. Kc1 Rbxd2 24. Nxd2 Rd3 25. Nf1 Be6 26. Rb1 b6 27. Rb2
Ra3 28. Kb1 Nd5 29. Rb3 Ra4 30. Rh2 Nb4 31. Rbb2 Bc4 32. Rbf2 Bd3+ 33. Ka1 Nd5
34. g4 Rc4 35. Nd2 Rc1+ 36. Kb2 Rc2+ 37. Kb3 Nxe3 38. gxh5 Nf5 39. Nxe4 Nd4+
40. Ka3 Bxe4 41. Rxc2 Nxc2+ 42. Kb3 Nd4+ 43. Kc4 Ne6 44. Rd2 Nxf4 45. Kb5 Nd3
46. Ka6 f5 47. Kxa7 f4 48. Kxb6 f3 0-1

[Event "Bad Woerishofen op"]
[Site "?"]
[Date "2008.03.07"]
[Round "9"]
[White "Lupor, Andre"]
[Black "Kunin, Vitaly"]
[Result "1/2-1/2"]
[WhiteElo "2308"]
[BlackElo "2538"]
[PlyCount "49"]
[EventDate "2008.??.??"]
 
1. d4 d5 2. Nf3 Nf6 3. c4 dxc4 4. e3 Bg4 5. Bxc4 e6 6. Nc3 a6 7. h3 Bh5 8. g4
Bg6 9. Ne5 Nbd7 10. Nxg6 hxg6 11. Bf1 c6 12. Bg2 Nd5 13. e4 Nxc3 14. bxc3 e5
15. O-O Be7 16. Qb3 b5 17. a4 O-O 18. Rd1 Qc7 19. Be3 g5 20. Bf1 Rfe8 21. Ra2
Rad8 22. axb5 axb5 23. Rda1 Bf6 24. Ra7 Qd6 25. d5 1/2-1/2

[Event "Bad Woerishofen op"]
[Site "?"]
[Date "2008.03.07"]
[Round "9"]
[White "Keller, Manfred"]
[Black "Pirrot, Dieter"]
[Result "0-1"]
[WhiteElo "2237"]
[BlackElo "2429"]
[PlyCount "84"]
[EventDate "2008.??.??"]
 
1. e4 e5 2. f4 d5 3. exd5 exf4 4. Nf3 Nf6 5. Bc4 Nxd5 6. Bxd5 Qxd5 7. Nc3 Qf5
8. O-O Nc6 9. d4 Be6 10. Nh4 Qa5 11. d5 O-O-O 12. Bxf4 Nb4 13. Qf3 Nxd5 14.
Nxd5 Rxd5 15. c4 Rd8 16. Qg3 f6 17. Nf3 Bc5+ 18. Kh1 g5 19. Bd2 Rxd2 20. Nxd2
Qxd2 21. Rxf6 Bd6 22. Qe1 Qxe1+ 23. Rxe1 Bxc4 24. b3 Bd3 25. Rc1 Kb8 26. Re1 b6
27. Re3 Bg6 28. g3 Bc5 29. Re2 g4 30. Kg2 Bd3 31. Re1 Ba6 32. h4 Bb7+ 33. Kh2
Bf3 34. Rfe6 Kb7 35. Re8 Rxe8 36. Rxe8 a5 37. h5 b5 38. h6 Kc6 39. a4 bxa4 40.
bxa4 Kd7 41. Rd8+ Kc6 42. Rd7 Bg1+ 0-1

[Event "Bad Woerishofen op"]
[Site "?"]
[Date "2008.03.07"]
[Round "9"]
[White "Schaefer, Michael"]
[Black "Anistratov, Dimitrij"]
[Result "0-1"]
[WhiteElo "2219"]
[BlackElo "2376"]
[PlyCount "70"]
[EventDate "2008.??.??"]
 
1. d4 d6 2. c4 Nf6 3. Nf3 g6 4. Nc3 Bg7 5. Bf4 O-O 6. h3 c5 7. e3 Qa5 8. Qd2
cxd4 9. exd4 e5 10. Be3 Nc6 11. Be2 exd4 12. Nxd4 Nxd4 13. Qxd4 Ng4 14. hxg4
Bxd4 15. Bxd4 Re8 16. O-O-O Rxe2 17. Nxe2 Qxa2 18. Nc3 Qxc4 19. f3 f5 20. Rhe1
Be6 21. Bf6 Kf7 22. g5 Rc8 23. Rxd6 Qf4+ 24. Rd2 b5 25. Kd1 Bb3+ 26. Kc1 Be6
27. g3 Qc4 28. Kd1 b4 29. Nb1 Re8 30. Rc2 Qd3+ 31. Kc1 Bd7 32. Rxe8 Qf1+ 33.
Kd2 Kxe8 34. Rc1 Qf2+ 35. Kd3 Bb5+ 0-1

[Event "Bad Woerishofen op"]
[Site "?"]
[Date "2008.03.07"]
[Round "9"]
[White "Zdebskaja, Natalia"]
[Black "Stuemer, Paul"]
[Result "1/2-1/2"]
[WhiteElo "2313"]
[BlackElo "2160"]
[PlyCount "79"]
[EventDate "2008.??.??"]
 
1. e4 c5 2. Nf3 Nc6 3. d4 cxd4 4. Nxd4 g6 5. Nc3 Bg7 6. Nb3 Nf6 7. Be2 O-O 8.
O-O b6 9. f4 Bb7 10. e5 Ne8 11. Bc4 d6 12. e6 f5 13. Nd5 Nf6 14. Nxf6+ Bxf6 15.
Kh1 Rc8 16. Bd5 Qc7 17. c3 Nd8 18. Re1 Bxd5 19. Qxd5 Qc4 20. Qf3 a5 21. Be3 a4
22. Nd4 Qa6 23. a3 Qb7 24. Qe2 Qd5 25. Bf2 Qc4 26. Qe3 Nb7 27. Nf3 Nc5 28. Nd2
Qd3 29. Re2 b5 30. Rae1 Rfd8 31. Nf3 Qxe3 32. Rxe3 Ne4 33. Kg1 Rc4 34. g3 Rdc8
35. Rd1 Rb8 36. Red3 Rb7 37. Kg2 Rb8 38. Kg1 Rb7 39. Kg2 Rb8 40. Kg1 1/2-1/2

[Event "Bad Woerishofen op"]
[Site "?"]
[Date "2008.03.07"]
[Round "9"]
[White "Babar, Michael"]
[Black "Wohl, Alexander"]
[Result "1-0"]
[WhiteElo "2145"]
[BlackElo "2418"]
[PlyCount "85"]
[EventDate "2008.??.??"]
 
1. d4 g6 2. e4 Bg7 3. Be3 c5 4. c3 Nf6 5. f3 cxd4 6. cxd4 O-O 7. Qd2 Nc6 8. Nc3
d6 9. h4 e5 10. d5 Nd4 11. Nge2 Qb6 12. O-O-O Nxe2+ 13. Bxe2 Qa5 14. g4 Bd7 15.
Kb1 Rac8 16. h5 Rc7 17. h6 Bh8 18. Nb5 Qxd2 19. Rxd2 Bxb5 20. Bxb5 a6 21. Bb6
Rcc8 22. Ba4 Rc4 23. Bb3 Rcc8 24. Rc1 Rxc1+ 25. Kxc1 Nd7 26. Bc7 Rc8 27. Rc2
Bf6 28. Bxd6 Bg5+ 29. Kd1 Rxc2 30. Kxc2 Bxh6 31. Be7 Be3 32. d6 h5 33. Bd5 b6
34. gxh5 gxh5 35. b4 Bf2 36. Kd3 Be1 37. a3 h4 38. Ke2 h3 39. Kf1 a5 40. bxa5
Bxa5 41. Bc6 h2 42. Kg2 h1=Q+ 43. Kxh1 1-0

[Event "Bad Woerishofen op"]
[Site "?"]
[Date "2008.03.07"]
[Round "9"]
[White "Einwiller, Dieter"]
[Black "Bronznik, Valeri"]
[Result "0-1"]
[WhiteElo "2169"]
[BlackElo "2377"]
[PlyCount "84"]
[EventDate "2008.??.??"]
 
1. d4 d5 2. Bf4 Bg4 3. h3 Bh5 4. c4 Nc6 5. Qa4 e6 6. Nc3 Nf6 7. g4 Bg6 8. Bg2
Bb4 9. cxd5 Nxd5 10. Bd2 O-O 11. Nf3 Nb6 12. Qb3 Nxd4 13. Nxd4 Qxd4 14. O-O
Qxd2 15. Qxb4 Qd7 16. Bxb7 c5 17. Qxc5 Qxb7 18. Rfd1 h6 19. Rd4 Rac8 20. Qb4
Qc6 21. Rad1 Qc5 22. Qb3 Qe7 23. a4 Qh4 24. Kg2 Kh7 25. a5 Nd5 26. R1d2 Nxc3
27. bxc3 Qg5 28. Qa3 Qc5 29. Ra2 Qxc3 30. Qxc3 Rxc3 31. Rd7 a6 32. Ra7 Ra8 33.
Rd7 Kg8 34. f3 Rc2 35. Ra3 Rxe2+ 36. Kg3 Re5 37. Rd6 h5 38. Rc6 Rd5 39. Kh4
hxg4 40. hxg4 Rd3 41. Rxd3 Bxd3 42. f4 Rd8 0-1

[Event "Bad Woerishofen op"]
[Site "?"]
[Date "2008.03.07"]
[Round "9"]
[White "Daeubler, Heinrich"]
[Black "Dittmar, Peter"]
[Result "1/2-1/2"]
[WhiteElo "2165"]
[BlackElo "2329"]
[PlyCount "45"]
[EventDate "2008.??.??"]
 
1. d4 Nf6 2. c4 e6 3. Nf3 Bb4+ 4. Nbd2 d5 5. Qa4+ Nc6 6. a3 Bxd2+ 7. Bxd2 O-O
8. Bg5 h6 9. Bxf6 Qxf6 10. e3 Bd7 11. Qc2 a5 12. Rc1 a4 13. cxd5 exd5 14. Bb5
Bf5 15. Qd1 Bg4 16. Bxa4 Bxf3 17. gxf3 Nxd4 18. exd4 Qe6+ 19. Kd2 Qb6 20. Bb3
Qxd4+ 21. Kc2 Qxf2+ 22. Kb1 c6 23. Rc2 1/2-1/2

[Event "Bad Woerishofen op"]
[Site "?"]
[Date "2008.03.07"]
[Round "9"]
[White "Trabert, Bettina"]
[Black "Ballon, Guenther Jan"]
[Result "1-0"]
[WhiteElo "2258"]
[BlackElo "2159"]
[PlyCount "59"]
[EventDate "2008.??.??"]
 
1. e4 e5 2. Nf3 d6 3. d4 Nf6 4. Nc3 exd4 5. Nxd4 Be7 6. Be2 Nbd7 7. Nf5 O-O 8.
O-O Ne5 9. Nxe7+ Qxe7 10. Bg5 c6 11. f4 Ng6 12. Qd4 h6 13. Bxf6 Qxf6 14. Qxf6
gxf6 15. Rad1 Rd8 16. g4 Kf8 17. Kg2 b6 18. Kg3 Bb7 19. Bf3 Ke7 20. Rd2 Rd7 21.
Nd1 Kf8 22. Ne3 Ne7 23. Rfd1 Rad8 24. h4 Kg7 25. c3 Kf8 26. Bg2 Kg7 27. Bh3 c5
28. g5 Rc7 29. gxf6+ Kxf6 30. e5+ 1-0

[Event "Bad Woerishofen op"]
[Site "?"]
[Date "2008.03.07"]
[Round "9"]
[White "Doell, Detlef"]
[Black "Schatz, Christian"]
[Result "1/2-1/2"]
[WhiteElo "2141"]
[BlackElo "2227"]
[PlyCount "34"]
[EventDate "2008.??.??"]
 
1. a3 e5 2. c4 Nf6 3. d3 g6 4. Nf3 d6 5. Nc3 Bg7 6. g3 O-O 7. Bg2 Nc6 8. O-O h6
9. Bd2 Be6 10. h3 Qd7 11. Kh2 Kh7 12. b4 a5 13. b5 Nd4 14. e4 Nxf3+ 15. Qxf3
Qe7 16. Qe2 g5 17. f4 exf4 1/2-1/2

[Event "Bad Woerishofen op"]
[Site "?"]
[Date "2008.03.07"]
[Round "9"]
[White "Naegele, Thomas"]
[Black "Heppell, Ian"]
[Result "1/2-1/2"]
[WhiteElo "2220"]
[BlackElo "2155"]
[PlyCount "36"]
[EventDate "2008.??.??"]
 
1. e4 e5 2. Nf3 d6 3. d4 exd4 4. Nxd4 Nf6 5. Nc3 Be7 6. Bc4 O-O 7. O-O Nxe4 8.
Nxe4 d5 9. Bd3 dxe4 10. Bxe4 Nd7 11. c3 Nf6 12. Bc2 Re8 13. Bg5 Bg4 14. Qd3 g6
15. Rfe1 c5 16. Nb3 Qb6 17. Qg3 Be6 18. Qh4 Nd5 1/2-1/2

[Event "Bad Woerishofen op"]
[Site "?"]
[Date "2008.03.07"]
[Round "9"]
[White "Santl, Anton"]
[Black "Galdunts, Sergey"]
[Result "0-1"]
[WhiteElo "2123"]
[BlackElo "2483"]
[PlyCount "48"]
[EventDate "2008.??.??"]
 
1. Nf3 Nf6 2. c4 e6 3. g3 d5 4. Bg2 c5 5. O-O Nc6 6. d4 Be7 7. cxd5 exd5 8. Nc3
O-O 9. dxc5 d4 10. Na4 Bf5 11. Nh4 Bg4 12. h3 Be6 13. Bd2 Nd7 14. Nf3 Nxc5 15.
Nxc5 Bxc5 16. Ng5 Bf5 17. Qb3 Qe7 18. Qd5 Bg6 19. Ne4 Bb6 20. Qd6 Rae8 21. Bg5
f6 22. Qd5+ Bf7 23. Qf5 fxg5 24. Nxg5 Bg6 0-1